THE MAKING OF BRITAIN THE MIDDLE AGES / (Record no. 616619)
[ view plain ]
| 000 -LEADER | |
|---|---|
| fixed length control field | 00348nam a22001337a 4500 |
| 020 ## - INTERNATIONAL STANDARD BOOK NUMBER | |
| Qualifying information | HB. |
| 040 ## - CATALOGING SOURCE | |
| Transcribing agency | FIZZA ISHAQ |
| 082 ## - DEWEY DECIMAL CLASSIFICATION NUMBER | |
| Classification number | 942 |
| Author Mark | LES |
| 100 ## - MAIN ENTRY--PERSONAL NAME | |
| Personal name | SMITH,M.LESLEY. |
| 9 (RLIN) | 133740 |
| 245 ## - TITLE STATEMENT | |
| Title | THE MAKING OF BRITAIN THE MIDDLE AGES / |
| Statement of responsibility, etc. | LESLEY M.SMITH. |
| 260 ## - PUBLICATION, DISTRIBUTION, ETC. | |
| Place of publication, distribution, etc. | NEW YORK ; |
| Name of publisher, distributor, etc. | SCHOCKEN, |
| Date of publication, distribution, etc. | 1985. |
| 300 ## - PHYSICAL DESCRIPTION | |
| Extent | 216 P. ; |
| Dimensions | 9.9X7.5IN |
| 942 ## - ADDED ENTRY ELEMENTS (KOHA) | |
| Source of classification or shelving scheme | |
| Koha item type | Book |
| Withdrawn status | Lost status | Source of classification or shelving scheme | Damaged status | Not for loan | Permanent Location | Current Location | Shelving location | Date acquired | Total Checkouts | Full call number | Barcode | Date last seen | Price effective from | Koha item type |
|---|---|---|---|---|---|---|---|---|---|---|---|---|---|---|
| NUST Baluchistan Campus (NBC) | NUST Baluchistan Campus (NBC) | General Stacks | 03/11/2026 | 927 LESLY | QD-305 | 03/11/2026 | 03/11/2026 | Book |
